000 00289nam a2200121Ia 4500
008 190216s9999||||xx |||||||||||||| ||und||
100 _aKuchhal S C
245 0 _aFinancial Management
260 _bChaithanya Pub.House Allahabad
_c1986
300 _a562p
650 _aCommerce
942 _cBK
999 _c5227
_d5227